000 00547nam a2200157 a 4500
008 120416s1985 ||||||||||||||||| || u
020 _a0471088153
050 _aTJ 213 Doe
100 _aDoebelin, Ernest O
245 1 0 _aControl system principles and design
260 _aNew York:
_bJohn Wiley and Sons
_c1985
300 _axiii, 577p. : ill.
350 _a0.00
650 0 _aAUTOMATIC CONTROL
995 _D0.00
_FCBU-MAIN LIBRARY (Kitwe)
_H1
_I49.90
_ULOST
_ZMain Library Open Access Collection
999 _c38724
_d38724